Culture Générale - Série 247 - Statistiques

Statistiques générales
  • Ce quiz a été pris 323 fois
  • Le résultat moyen est 5 sur 10
Statistiques - réponses
Question Réponse % Correct
De quel pays est l'équipe nationale de football surnommée Mannschaft ? L'Allemagne
94%
Sur un échiquier, quelle pièce est la voisine de droite de votre reine ? Le roi
91%
Comment Jean-Jacques Goldman marche-t-il en 1985 ? Seul
81%
A quel ancien Beatles doit-on le titre "Instant Karma" en 1970 ? John Lennon
75%
Que Michèle Torr lui demande de l'emmener faire "ce soir" ? Danser
72%
Dans quel pays africain se trouve le port de Cotonou ? Le Bénin
46%
Quelle chanteuse australienne reprend "Les 3 Cloches", d'Edith Piaf en 1998 ? Tina Arena
32%
Quelle est la profession de Gérard Lanvin dans "Camping" ? Chirurgien
26%
Qui reprend la chanson "I Can See Clearly Now" en 1994 ? Jimmy Cliff
22%
En 2007, qui incarne Louis Leplée dans le film "La Môme" ? Gérard Depardieu
12%
Aucun quiz correspondant
Distribution des résultats
% des personnes avec chaque résultat
Percentile par nombre de réponses
Votre historique - résultats
Vous n’avez pas pris ce quiz